| 000 | 00813cam a22002773a 4500 | ||
|---|---|---|---|
| 001 | 7049 | ||
| 003 | PGUSA | ||
| 005 | 20140828083140.0 | ||
| 008 | 041201s2004||||xxu|||||s|||||000 | eng d | ||
| 040 |
_aPGUSA _beng |
||
| 042 | _adc | ||
| 050 | 4 | _aCT | |
| 050 | 4 | _aPT | |
| 100 | 1 |
_aGrünfeld, Walter, _d1908-1988 |
|
| 245 | 1 | 0 |
_aRückblicke _h[electronic resource] / _cWalter Grünfeld |
| 260 |
_bProject Gutenberg, _c2004 |
||
| 506 | _aCopyrighted. Read the copyright notice inside this book for details. | ||
| 516 | _aElectronic text | ||
| 653 | _aGermany -- Emigration and immigration | ||
| 653 | _aAuthors, German -- 20th century | ||
| 653 | _aJews -- Biography | ||
| 653 | _aAutobiographies | ||
| 830 | 0 |
_aProject Gutenberg _v7049 |
|
| 856 | 4 | 0 | _uhttp://www.gutenberg.org/ebooks/7049 |
| 942 | _cEB | ||
| 999 |
_c236369 _d236369 |
||